000 00719nam a2200217 i 4500
001 bg
245 0 0 _aSamorząd terytorialny Rzeczypospolitej Polskiej po reformie ustrojowej :
_b(wybrane zagadnienia) /
_cH. Zięba-Załucka (red.) ; [aut.] K. Eckhardt [et al.].
260 _aRzeszów :
_b"Fosze",
_c1999.
300 _a239, [1] s. ;
_c24 cm.
504 _aBibliogr. s. 114.
650 9 _aSamorząd terytorialny
_xprawo
_zPolska
_ystan na 1999 r.
700 1 _aZięba-Załucka, Halina.
_eRed.
700 1 _aEckhardt, Krzysztof.
020 _a8387602426
040 _cBPK
041 0 _apl
080 _a342.25:352/353](438)
920 _a83-87602-42-6
942 _cKS
008 s pl f |000 0 pol
999 _c36236
_d36236
856 _uhttp://koha.tu.koszalin.pl/cgi-bin/koha/opac-detail.pl?biblionumber=36236
_yKatalog online BPK